Top 10 Cherry Producing Countries - Statistics

General Stats
  • This quiz has been taken 16 times
  • The average score is 6 of 10
Answer Stats
Boxes of Cherries Answer % Correct
350 K United States
93%
900 K Turkey
79%
250 K Iran
71%
350 K Russia
71%
150 K Spain
71%
250 K Poland
64%
250 K Ukraine
64%
450 K Chile
36%
200 K Serbia
21%
300 K Uzbekistan
21%
No matching quizzes found
Score Distribution
Percent of People with Each Score
Percentile by Number Answered
Your Score History
You have not taken this quiz